000 00429nam a2200145Ia 4500
003 OSt
005 20260129111521.0
008 211028s2018 xx 000 0 und d
040 _cAIMIT LIBRARY
041 _aeng
100 _aJyothsna P J.
_g1616081
_97837
245 _aStudy on effectiveness of training and development at Hinduja global solutions Mangalore /
260 _aMangalore
_bRajani Suresh
_c2018
942 _2ddc
_cPRO
999 _c219405
_d219405